The colonial staged : (Record no. 40790)

MARC details
000 -LEADER
fixed length control field 00833nam a22002297a 4500
005 - DATE AND TIME OF LATEST TRANSACTION
control field 20100810160544.0
010 ## - LCCN (DPL NO)
LC control number ENG-99268
020 ## - INTERNATIONAL STANDARD BOOK NUMBER
International Standard Book Number 9781905422449
Terms of availability 595.00
035 ## - SYSTEM CONTROL NUMBER
System control number EN-82800
037 ## - SOURCE OF ACQUISITION
Source of stock number/acquisition DBAD/PUB
082 ## - DEWEY DECIMAL CLASSIFICATION NUMBER
Classification number 792.0954147
100 ## - MAIN ENTRY--PERSONAL NAME
Personal name Chatterjee, Sudipto
245 ## - TITLE STATEMENT
Title The colonial staged :
Remainder of title theatre in colonial calcutta /
Statement of responsibility, etc Sudipto Chatterjee
260 ## - PUBLICATION, DISTRIBUTION, ETC. (IMPRINT)
Place of publication, distribution, etc Calcutta
Name of publisher, distributor, etc Seagull Books
Date of publication, distribution, etc 2007
270 ## - ADDRESS
Address 26 Circus Ayenue,
City Calcutta
Postal code 700017
300 ## - PHYSICAL DESCRIPTION
Extent xxii, 318 p.
Other physical details 24cm (pbk)
500 ## - GENERAL NOTE
General note includes bibliographical references and index
650 ## - SUBJECT ADDED ENTRY--TOPICAL TERM
Topical term or geographic name as entry element India
Form subdivision Calcuta
650 ## - SUBJECT ADDED ENTRY--TOPICAL TERM
Topical term or geographic name as entry element Theator
942 ## - ADDED ENTRY ELEMENTS (KOHA)
Source of classification or shelving scheme Dewey Decimal Classification
Item type English Books
Classification part 792.0954147
Call number suffix CHA
Holdings
Withdrawn status Lost status Not for loan Collection code Home library Current library Date acquired Cost, normal purchase price Full call number Barcode Copy number Cost, replacement price Koha item type
    Not For Loan Non-fiction D.B.Act.Division D.B.Act.Division 10/08/2010 595.00 792.0954147 CHA EN-82800 1 595.00 English Books

© Delhi Public Library
Hit Counter
free hit counter